Antología de la lírica medieval francesa

Bewaard in:
Bibliografische gegevens
Hoofdauteur: Suarez Gómez, Gonzalo (Auteur)
Formaat: Boek
Taal:Spaans
Gepubliceerd in: Madrid Visor 1982
Reeks:Colección Visor de Poesía, 158
Onderwerpen:
Tags: Voeg label toe
Geen labels, Wees de eerste die dit record labelt!

MARC

LEADER 00000nam a2200000 a 4500
001 UCV7504
003 CL-VaPUC
008 880502e19820000SP |||||||||||||||||spa|d
082 0 4 |a 841  |b SUA  |2 21 
100 0 |a Suarez Gómez, Gonzalo  |e author  |9 301628 
245 1 0 |a Antología de la lírica medieval francesa 
300 |a 143 p 
942 |c BK 
945 |d 19880502 00:00:00 
260 |a Madrid  |b Visor  |c 1982 
650 7 |a POESIA MEDIEVAL FRANCESA  |2 CL-VaPUC  |9 264946 
650 0 |a Poesía francesa  |9 264947 
583 |a last modification  |c 19880502 00:00:00  |k Rodrigo Vera 
490 0 |a Colección Visor de Poesía, 158 
999 |c 213165  |d 213163 
952 |0 0  |1 0  |4 0  |6 841_000000000000000_SUA_1982  |7 0  |8 A  |9 195248  |a BIBART  |b BIBART  |d 2019-11-14  |i 2633396  |o 841 SUA 1982  |p 2633396  |r 2025-03-13  |w 2019-11-14  |y BK  |k ART 
952 |0 0  |1 0  |4 0  |6 841_000000000000000_SUA_1982  |7 0  |8 P  |9 195249  |a BIBARQ  |b BIBARQ  |d 2019-11-14  |i 263340K  |o 841 SUA 1982  |p 263340K  |r 2025-01-20  |w 2019-11-14  |y BK  |k ARQ 
952 |0 0  |1 0  |4 0  |6 841_000000000000000_SUA_1982  |7 0  |8 P  |9 195250  |a BIBARQ  |b BIBARQ  |d 2019-11-14  |i 3208087  |o 841 SUA 1982  |p 3208087  |r 2025-01-20  |w 2019-11-14  |y BK  |k ARQ